First step in librarianship / (Record no. 122727)
[ view plain ]
| 000 -LEADER | |
|---|---|
| fixed length control field | 00679nam a22002417a 4500 |
| 005 - DATE AND TIME OF LATEST TRANSACTION | |
| control field | 20170124105914.0 |
| 010 ## - LIBRARY OF CONGRESS CONTROL NUMBER | |
| LC control number | 755311 |
| 020 ## - INTERNATIONAL STANDARD BOOK NUMBER | |
| Terms of availability | 00.00 |
| International Standard Book Number | 0233964274 |
| 035 ## - SYSTEM CONTROL NUMBER | |
| System control number | 755311 |
| 037 ## - SOURCE OF ACQUISITION | |
| Source of stock number/acquisition | Cen Lib/Ret |
| 040 ## - CATALOGING SOURCE | |
| Original cataloging agency | DPL |
| Language of cataloging | EN |
| 082 ## - DEWEY DECIMAL CLASSIFICATION NUMBER | |
| Classification number | 020 |
| Item number | HAR |
| 100 ## - MAIN ENTRY--PERSONAL NAME | |
| Personal name | Harrison, K.C. |
| 9 (RLIN) | 1932 |
| 245 ## - TITLE STATEMENT | |
| Title | First step in librarianship / |
| Statement of responsibility, etc | by K.C. Harrison |
| 250 ## - EDITION STATEMENT | |
| Edition statement | 4th ed. |
| 260 ## - PUBLICATION, DISTRIBUTION, ETC. (IMPRINT) | |
| Place of publication, distribution, etc | London |
| Name of publisher, distributor, etc | Andre deutsch |
| Date of publication, distribution, etc | 1973 |
| 270 ## - ADDRESS | |
| Address | 105 Great rusell street |
| City | London |
| 300 ## - PHYSICAL DESCRIPTION | |
| Extent | 173p. |
| Dimensions | 20cm(Hb) |
| 500 ## - GENERAL NOTE | |
| General note | Includes index |
| 650 ## - SUBJECT ADDED ENTRY--TOPICAL TERM | |
| Topical term or geographic name as entry element | Library science |
| 9 (RLIN) | 107118 |
| 650 ## - SUBJECT ADDED ENTRY--TOPICAL TERM | |
| Topical term or geographic name as entry element | Librarianship |
| 9 (RLIN) | 767 |
| 942 ## - ADDED ENTRY ELEMENTS (KOHA) | |
| Source of classification or shelving scheme | Dewey Decimal Classification |
| Koha item type | English Books |
| Classification part | 020 |
| Call number suffix | HAR |
| Withdrawn status | Lost status | Damaged status | Not for loan | Collection code | Home library | Current library | Date acquired | Source of acquisition | Cost, normal purchase price | Total Checkouts | Full call number | Barcode | Date last seen | Copy number | Cost, replacement price | Price effective from | Koha item type |
|---|---|---|---|---|---|---|---|---|---|---|---|---|---|---|---|---|---|
| Not For Loan | Reference | Central Library | Central Library | 29/05/2015 | Cen Lib/Ret | 0.00 | 020 HAR | 755311 | 29/05/2015 | 1 | 0.00 | 29/05/2015 | English Books |
